000 00303nam a22001337a 4500
008 170615b xxu||||| |||| 00| 0 eng d
020 _a0130463019
041 _aeng
080 _a94(100)
100 _a18
101 _aSHP
245 _aTHE AEMS RACE AND NUCLEAR WAR
_cEVAN.W.M
942 _2udc
_cBK
999 _c17580
_d17580